000 01028nam a2200349Ia 4500
003 OSt
005 20220912144620.0
006 a|||||r|||| 00| 0
007 ta
008 220909b |||||||| |||| 00| 0 eng d
020 _a9781782384496 (hbk)
020 _aSL01599664
024 _a194803
037 _b3587, 06/11/2015, Channel Publications
037 _cTextual
040 _aCSL
_beng
_cCSL
041 _aeng
082 _aY7, Q5 TY
100 _aEriksen Thomas Hylland
245 0 _aAnthropology now and next
260 _aNew York
_bBerghahn Books
_c2015
300 _avii, 316p, ill.
500 _aIndex 295-316p.
650 _a Juxtapositions
650 _a Traveling between knowledge practices
650 _aLusotopy as ecumene
700 _a Sabean David Warren Ed.
700 _a Teuscher Simon Ed.
700 _aEriksen Thomas Hylland
942 _hY7, Q5 TY
_cTEXL
_2CC
999 _c13674
_d13674